| 000 | 00534nam a22001937a 4500 | ||
|---|---|---|---|
| 999 |
_c2020 _d2020 |
||
| 003 | SLTCLib | ||
| 008 | 260604b ce ||||| |||| 00| 0 eng d | ||
| 020 | _a9781718502703 | ||
| 041 | _aEnglish | ||
| 080 |
_a004.43=93 _bMAT |
||
| 100 |
_aMatthes, Eric _93563 |
||
| 245 |
_aPython crash course _bA Hands-on, project-based introduction to programming |
||
| 250 | _a3rd. | ||
| 260 |
_aSan Francisco _bWilliam pollock _c2023 |
||
| 300 | _a514p. | ||
| 650 | 0 |
_93132 _aProgramming languages |
|
| 650 | 0 |
_92267 _a Python |
|
| 942 |
_2lcc _cMRE |
||
| 945 |
_a3725 _bIshara wickramage _c3725 _dIshara wickramage |
||